Fundamentals of electrical measurements / (Record no. 13651)

MARC details
000 -LEADER
fixed length control field 00577nam a2200169 a 4500
020 ## - INTERNATIONAL STANDARD BOOK NUMBER
ISBN 0245519904 (paperback)
020 ## - INTERNATIONAL STANDARD BOOK NUMBER
ISBN 9780245519901 (paperback)
100 1# - MAIN ENTRY--AUTHOR NAME
Personal name Baldwin, Clifford Thomas.
245 10 - TITLE STATEMENT
Title Fundamentals of electrical measurements /
250 ## - EDITION STATEMENT
Edition statement Enlarged 2nd.
260 ## - PUBLICATION, DISTRIBUTION, ETC. (IMPRINT)
Place of publication [S.l.] :
Name of publisher George G.Harrap & Co Ltd,
Year of publication 1973.
300 ## - PHYSICAL DESCRIPTION
Number of Pages 344 p.
856 40 - ELECTRONIC LOCATION AND ACCESS
Uniform Resource Identifier http://www.amazon.com/exec/obidos/ASIN/0245519904/chopaconline-20
Holdings
Withdrawn status Lost status Home library Current library Date acquired Cost, normal purchase price Full call number Accession Number Koha item type
    Central Library, QUEST, Nawabshah Seminar Library, Electronic Engg. 07/08/2015 50.00 621.37BAL 10334 Books